|
|
|
|
| LEADER |
00000nam2a2200000 4500 |
| 001 |
134309 |
| 005 |
20231031135632.0 |
| 035 |
|
|
|a (RuTPU)RU\TPU\book\145573
|
| 090 |
|
|
|a 134309
|
| 100 |
|
|
|a 20080327d1985 k y0rusy50 ca
|
| 101 |
0 |
|
|a rus
|
| 102 |
|
|
|a RU
|
| 105 |
|
|
|a a z 101zy
|
| 200 |
0 |
|
|a Ч. I
|
| 210 |
|
|
|d 1985
|
| 215 |
|
|
|a 190 с.
|c ил.
|
| 320 |
|
|
|a Библиография в конце докладов.
|
| 461 |
|
1 |
|0 (RuTPU)RU\TPU\book\142825
|t Перспективные методы планирования и анализа экспериментов при исследовании случайных полей и процессов
|o тезисы докладов II Всесоюзной конференции, Севастополь, 2-4 октября 1985 г.
|f Московский энергетический институт (МЭИ) ; Севастопольский приборостроительный институт
|v Ч. I
|d 1985
|
| 610 |
1 |
|
|a математика
|
| 610 |
1 |
|
|a планирование эксперимента
|
| 610 |
1 |
|
|a случайные процессы
|
| 610 |
1 |
|
|a случайные поля
|
| 610 |
1 |
|
|a фильтрация
|
| 610 |
1 |
|
|a прогнозирование
|
| 610 |
1 |
|
|a интерполяция
|
| 610 |
1 |
|
|a оценивание
|
| 610 |
1 |
|
|a динамические системы
|
| 610 |
1 |
|
|a идентификация
|
| 610 |
1 |
|
|a конференции
|
| 675 |
|
|
|a 519.24
|v 3
|
| 801 |
|
1 |
|a RU
|b 63413507
|c 20080327
|g PSBO
|
| 801 |
|
2 |
|a RU
|b 63413507
|c 20150119
|g PSBO
|
| 942 |
|
|
|c BK
|